000 00861cab a2200253 4500
001 ABS56486
008 090401t1997 xxu||||| |||| 00| 0 eng d
035 _a(Sirsi) u24005
041 _aeng
100 _aPawlowski, M.
245 _aProprietary estoppel and s70(1)(g)
260 _c1997
350 _a0
490 _aSolicitors` Journal
_v141(3) 24 January 1997, 64-65(2)
520 _aReviews the CA decision in "Habermann v Koehler and Koehler" which asked whether an equity created by proprietary estoppel constitutes an overriding interest under the Land Registration Act 1925 s70(1)(g).
650 _aHABERMANN V KOEHLER AND KOEHLER
650 _aLAND CHARGES
650 _aLAND REGISTRATION ACT 1925 S70(1)(G)
650 _aOVERRIDING INTEREST
650 _aPROPRIETARY ESTOPPEL
690 _aLAND
942 _n0
948 _c04/03/1997
999 _c16075
_d16075